[Event "Moscow FIDE GP"]
[Site "Moscow"]
[Date "2017.05.16"]
[Round "5"]
[White "Harikrishna, Pentala"]
[Black "Adams, Michael"]
[Result "1-0"]
[WhiteElo "2750"]
[BlackElo "2747"]
[Annotator "Hillarp Persson,T"]
[PlyCount "101"]
[EventDate "2017.05.12"]
[EventType "swiss"]
[EventRounds "9"]
[EventCountry "RUS"]
[SourceTitle "CBM 179"]
[Source "ChessBase"]
[SourceDate "2017.07.12"]
[SourceVersion "1"]
[SourceVersionDate "2017.07.12"]
[SourceQuality "1"]

1. d4 {Already this is a surprise. Harikrishna usually plays 1.e4, but I guess
he was attracted by Adams's rather narrow Black repertoire.} Nf6 2. c4 e6 3.
Nc3 d5 4. cxd5 exd5 5. Bg5 c6 6. e3 h6 {Adams repeats the line that he lost a
game with only three months ago.} ({Perhaps} 6... Be7 7. Bd3 Nbd7 8. Nge2 h6 9.
Bh4 Nh5 {is a better move order, although} 10. Bxe7 Qxe7 11. Qd2 {leads to the
same position that Adams got against Mamedyarov (see below.).}) 7. Bh4 Be7 8.
Bd3 Nbd7 9. f3 $5 {There have only been three games with this move, so far,
but it is very logical. White aims to meet Nh5 with Bf2.} (9. Qc2 {In older
theory White used to play the queen here, in order to take Nf6-e4 out of the
picture. However, if Ne4 is not such a great idea, there are clearly more
constructive moves than Qc2!?} Nh5 $5 10. Bxe7 Qxe7 {Compared to the position
after 9.Nge2 Nh5 10.Bxe7 etc, this is clearly less critical. The queen would
be better placed on d2, so that White can continue with f3, preparing e4.}) (9.
Nge2 $5 {was Mamedyarov's choice in Sharjah. I commented on this game for
ChessBase in February.} {Perhaps Adams was prepared to play the critical} Ne4
$5 (9... Nh5 10. Bxe7 Qxe7 11. Qd2 $1 {Mamedyarov-Adams, Sharjah Grand Prix
2017}) 10. Bxe7 Nxc3 (10... Qxe7 $6 11. Bxe4 dxe4 12. Ng3 Nf6 13. Qc2 $16) 11.
Bxd8 Nxd1 12. Rxd1 Kxd8 13. f3 {when, to quote myself, "White has a clear plan
in e3-e4 (and possibly g4/h4), whereas Black is somewhat passive. White ought
to have a small advantage."}) ({After} 9. Nf3 {Black doesn't have to worry
about the f3/e4-plan and can focus on finding a way to meet b2-b4-b5.}) 9...
O-O (9... Ne4 10. Bxe7 Nxc3 11. Bxd8 Nxd1 12. Rxd1 Kxd8 13. Ne2 $14) 10. Nge2
b5 ({Wesley So mentions} 10... Ne4 11. Bxe7 Nxc3 12. Bxd8 (12. bxc3 Qxe7) 12...
Nxd1 13. Rxd1 Rxd8 14. Kf2 {, saying that White's play on the kingside, with
h4, g4, etc, is promising. Here h6 turns out to be a weakness even though the
queens are off the board.}) ({The usual plan in these positions is} 10... Re8
11. O-O Nf8 {and although h6 is not part of the usual narrative, it is not
quite clear how White should prove an advantage.} 12. Kh1 Ne6 13. Bc2 $5 (13.
Qc2) (13. a3 $5) 13... Nf8 $6 (13... b6 14. Qd3 g6 15. e4 $36) (13... b5 $5)
14. Qd3 Nh5 15. Bxe7 Qxe7 16. e4 dxe4 17. fxe4 Be6 18. e5 Rad8 19. Ne4 Bd5 20.
N2c3 Qe6 21. Nxd5 cxd5 22. Nc5 Qc8 23. Qf3 {1-0 (23) Sokolov,I (2650)-Kenney,D
(2021) Ottawa 2013}) 11. O-O {I prefer the White side in this structure. Black
must, sooner or later, play c6-c5 and be left with an isolated pawn in the
centre. The alternative is to allow White to play e3-e4 and that looks even
worse. White has no similar reason not to play e3-e4.} Nb6 ({Black should seek
counterplay in a more dynamic manner. Slow building up will only further
White's case. Perhaps} 11... b4 $5 12. Na4 Nb6 13. Nc5 (13. Rc1 Ng4 $1 14. Bxe7
Qxe7 15. Nxb6 Nxe3 16. Qa4 Bf5 17. Nxa8 Bxd3 18. Rfe1 Bb5 19. Qa5 Nxg2 {
, is a long, forced and - if the engine is to be believed - equal line.}) (13.
Bf2 $5) 13... Nfd7 14. Nxd7 Bxd7 15. Bf2 c5 $1 16. dxc5 Bxc5 17. Rc1 Nc4 {
, could be a way to force one's way out of trouble. After} 18. Bxc4 dxc4 19.
Rxc4 Rc8 20. Nd4 Qg5 {Black's activity looks to be enough to make up for the
missing pawn.}) 12. Bf2 $1 a5 (12... b4 13. Na4 Nxa4 14. Qxa4 Qb6 15. Rfc1 (15.
a3 $5) 15... Bd7 16. Qc2 Rfc8 17. Qd2 (17. Bf5 $5) 17... a5 {is only a little
better for White.}) (12... Nc4 13. Qc2 Bd7 14. Rad1 Re8 15. Ng3 {and e3-e4 is
hanging in the air.}) 13. Ng3 $1 {Now b5-b4 can be met with Nce2.} (13. Nc1 {
makes the back ranks more crowded, but is also possible.}) 13... b4 14. Nce2 c5
{As I mentioned before; Black cannot do without this move in the long run.} 15.
dxc5 Bxc5 16. Rc1 Nbd7 17. Nd4 (17. Nf4 $5 Qb6 18. Re1 Re8 19. Bf5 {[%cal
Gf4d5]} Qd6 (19... Rxe3 $4 20. Rxc5 Rxe1+ 21. Qxe1 Nxc5 22. Nxd5 $18) 20. Qd2 {
looks like a more direct and possibly better way to exploit Black's weak
points.}) 17... Qb6 18. Re1 {Harikrishna is playing the White side in copybook
style; not hurrying, while guiding the pieces towards the best squares. This
move makes the Nd4 free to move, while opening up a slot for the knight and
bishop on f1.} Re8 19. Bb1 $5 ({Even more active is} 19. Bc2 Nf8 20. Ba4 Bd7
21. Ngf5 {, but after} h5 {, intending ...g6, it is not clear how White will
continue. In the bigger scheme of things, White would prefer to keep the
light-squared bishops and exchange the dark-squared ones...}) (19. Ngf5 Ba6 20.
g4 $6 Bxd3 21. Qxd3 Ne5 22. Qe2 Bf8 $132) 19... a4 {Black's advanced queenside
pawns are a mixed blessing. On one hand they can create tactical possibilities
with b4-b3 or a4-a3 (aiming for the c3-square), but the downside is that they
will become (very) weak in the endgame. A similar situation can arise in the
King's Indian, when Black pushes the a- and b-pawns forward.} 20. Qc2 {White
wants to provoke g7-g6, but Black should be happy to be provoked.} (20. b3 $5
a3 21. Qd2 Ba6 22. Bd3 Bxd3 23. Qxd3 Rac8 24. Nge2 {The b4-pawn looks too weak
to my liking, but Black has plenty of activity, so perhaps it is balanced.})
20... Ra5 $5 (20... g6 21. Qd2 Ba6 22. b3 axb3 23. axb3 Rac8 24. Nge2 Ne5 25.
Nf4 {is possibly balanced, but I keep worrying about the b4-pawn.}) 21. Nge2
Nf8 $2 {This is a part of the old undermine-d4-with-everything-you-have-plan,
but at this moment the most important thing is to keep White from pushing the
bishop away from c5 with Nf4-d3. It's a small slip, but it has huge
implications.} ({It was better to play} 21... Ne5 22. Nf4 Bd7 {, when after}
23. Red1 (23. Nd3 Nxd3 24. Qxd3 Raa8 {is quite OK for Black, since the bishop
on b1 is out of play.}) 23... g6 24. b3 Rc8 25. Qe2 Re8 {Black has no active
plan (that doesn't hurt himself), but it's quite possible that White has none
either.}) 22. Nf4 {[%cal Gf4d3] Black has no good way to deal with Nf4-d3.} Bd7
23. Nd3 Bd6 24. Bg3 $1 {With the dark-squared bishops gone, d4, c5, e5, c7 and
not least b4, all become weak. Now White has a steady advantage.} Bxg3 25. hxg3
Rc8 26. Qd2 Rb8 27. g4 Ne6 28. Ne5 $1 {[%cal Ge5c6]} Rc5 29. Nxe6 Rxc1 (29...
Bxe6 30. Qd4 Rxc1 31. Rxc1 Qxd4 32. exd4 Nd7 {would almost be OK for Black if
the queenside pawns hadn't gone berserk earlier:} 33. Nc6 Rb6 34. Kf2 $16 {
[%csl Ra4,Rb4]}) 30. Rxc1 Qxe6 31. Qd4 {White has more space on the kingside,
a great blockade on d4 and the c-file. Black has two weaknesses in b4 and d5.}
Qd6 (31... Re8 32. Nxd7 Nxd7 33. Bf5 Qd6 34. Bxd7 Qxd7 35. e4 Rd8 36. Rd1 $16)
32. Nd3 Ne8 {This makes matter worse, but it is already very hard to defend
Black's position.} 33. Rc5 Rb5 $6 (33... Bb5 $5 $16) 34. Rxb5 Bxb5 35. Qxb4 Qa6
36. Nc5 Qc6 37. Bf5 Nf6 38. b3 (38. Kf2 g6 39. Bc2 h5 $1 40. gxh5 Nxh5 {
is less clear than one might expect. For instance:} 41. Bxa4 $2 Bxa4 42. Nxa4
Qc2+ 43. Kg1 Qc1+ 44. Kh2 Qxe3 $11) 38... axb3 39. Nxb3 g6 40. Bb1 Nd7 41. Kf2
Bc4 42. Na5 $1 ({Another line that shows just how many tricks there are in
chess:} 42. Nd4 Qf6 43. a4 Nc5 $1 44. Bc2 (44. Qxc5 Qh4+ 45. Kg1 Qe1+ $11) (44.
a5 $5) 44... Qh4+ 45. Kg1 Qe7 46. Qc3 Bd3 $1 47. Qd2 $1 Bxc2 48. Nxc2 Nxa4 49.
Qxd5 Nc5 {and Black has excellent chances of survival.}) 42... Qc7 43. Nxc4
dxc4 44. a4 Nb6 45. Bc2 Nd5 46. Qd2 Qc6 $2 {I presume Adams was disillusioned
with his play. This doesn't seem like him. Now the game is just over.} 47. Be4
$1 c3 48. Qd1 $1 Qb7 (48... Qc4 49. Bxd5 c2 50. Qc1 Qxd5 51. Qxc2 $18) 49. Kg1
c2 50. Qxc2 Qb4 51. Qb1 {With this win Harikrishna moved up to a 50% score. I
believe he will do better than that in the end.} 1-0

[Event "EU-chT (Men) 10th"]
[Site "Debrecen"]
[Date "1992.11.??"]
[Round "8.1"]
[White "Hjartarson, Johann"]
[Black "Arlandi, Ennio"]
[Result "1-0"]
[WhiteElo "2580"]
[BlackElo "2420"]
[Annotator "Hjartarson,J"]
[PlyCount "55"]
[EventDate "1992.11.20"]
[EventType "team-swiss"]
[EventRounds "9"]
[EventCountry "HUN"]
[SourceTitle "EU-chT"]
[Source "ChessBase"]
[SourceDate "1999.07.01"]
[SourceVersion "2"]
[SourceVersionDate "1999.07.01"]
[SourceQuality "1"]
[WhiteTeam "Iceland"]
[BlackTeam "Italy"]
[WhiteTeamCountry "ISL"]
[BlackTeamCountry "ITA"]

1. c4 e6 2. Nc3 d5 3. d4 Be7 4. cxd5 exd5 5. Bf4 Nf6 6. e3 O-O 7. Bd3 c5 8. Nf3
Nc6 9. O-O Bg4 10. dxc5 Bxc5 11. h3 Bxf3 12. Qxf3 d4 13. Ne4 Nxe4 (13... Be7 $6
14. Rad1 Qa5 15. Ng3 $1 $14 dxe3 (15... Qxa2 16. Nf5 Rfe8 $2 17. Bh6 Ne5 18.
Qg3 Ng6 19. Nxg7 $18 {Rakay-Podoba,/CSR/corr/1990-91/}) 16. fxe3 Qxa2 17. Nf5
Qe6 18. Bh6 $1 $16 {Kasparov,G-Karpov,An (08)/Wch-London/Leningrad/1986/}) 14.
Bxe4 dxe3 15. fxe3 Qb6 16. Rac1 (16. Bxc6 bxc6 17. Rac1 Rac8 $10) (16. Kh1 Rae8
17. Rac1 Ne5 $10 {Hjartarson-Arlandi, Novi Sad (ol) 1990}) 16... f5 (16... Rae8
$2 17. Bxh7+ $1 Kxh7 18. Qh5+ Kg8 19. Qxc5 $16 Qxb2 $2 20. Bd6 $18) 17. Bd5+
Kh8 18. Rc3 Rad8 19. Bxc6 (19. Rfc1 $6 Bd6 $1 20. Bxc6 (20. Rb3 Qa5 21. Rxb7
Bxf4 22. Bxc6 (22. exf4 $4 Nd4 $19) 22... Be5 23. Rb5 Qd2 $14) 20... Bxf4 21.
Bxb7 Be5 22. Rb3 Qa5 $14) 19... bxc6 20. Be5 (20. Qg3 Rf7 $1 21. Rfc1 Bf8 22.
Rb3 Qa5 $10) 20... Kg8 21. Rfc1 (21. Qg3 Rf7 22. Rxf5 Rdd7 (22... Bf8 23. Rxf7
Kxf7 24. Qf3+ Kg8 25. Rxc6 $18) 23. Rxf7 Rxf7 24. Rd3 $16) 21... Rd5 22. Qg3
Bxe3+ (22... g6 $8 23. h4 $1 $16 Re8 24. Bf4 {/\h5->}) (22... Rf7 $2 23. Rb3
Qa5 24. Rxc5 $1 Qxc5 25. Rb8+ $18) 23. Rxe3 Rxe5 24. Qxe5 f4 25. Qe6+ Rf7 26.
Rxc6 Qxe3+ 27. Qxe3 fxe3 28. Rc8+ 1-0

[Event "GER-ch 70th"]
[Site "Bremen"]
[Date "1998.11.07"]
[Round "2"]
[White "Keitlinghaus, Ludger"]
[Black "Mueller, Karsten"]
[Result "0-1"]
[WhiteElo "2485"]
[BlackElo "2550"]
[Annotator "Huebner,R"]
[PlyCount "112"]
[EventDate "1998.11.06"]
[EventType "swiss"]
[EventRounds "9"]
[EventCountry "GER"]
[SourceTitle "CBM 068"]
[Source "ChessBase"]
[SourceDate "1999.02.01"]
[SourceVersion "1"]
[SourceVersionDate "1999.02.01"]
[SourceQuality "1"]

1. d4 d5 2. Bf4 Nf6 3. e3 c6 4. c4 e6 5. Nc3 Bd6 6. Bg3 Qe7 7. Nf3 Bxg3 8. hxg3
Nbd7 9. Qc2 b6 10. cxd5 (10. O-O-O $5) 10... exd5 11. Bd3 Bb7 12. Rd1 $6 (12.
O-O-O $5 {sieht natürlicher aus, denn Schwarz dürfte kaum die kurze Rochade
anstreben können.}) 12... g6 13. O-O O-O 14. Qa4 {Dieser Ausflug bringt nichts
ein. Weiß sollte mit} (14. Rfe1 {den Vorstoß e3-e4 vorbereiten.}) 14... a6 15.
b4 $6 a5 16. b5 c5 17. Qa3 Rfe8 18. Na4 Ng4 19. Rfe1 Rac8 20. Rc1 Qf6 21. Qc3
c4 22. Bb1 Re7 23. Qa3 Rce8 24. Rc2 Re6 25. Rce2 Qg7 26. Nd2 Qh6 27. Nf1 f5 28.
f3 Ngf6 29. Nc3 Qg5 30. Qc1 Nh5 31. e4 Qxc1 32. Rxc1 fxe4 33. fxe4 dxe4 34. d5
Re5 35. Bxe4 Nhf6 36. Bf3 Rxe2 37. Bxe2 Bxd5 38. Nd2 Bf7 39. Bxc4 Rc8 40. Ne2
Rc5 41. Bxf7+ Kxf7 42. Rxc5 Nxc5 43. Nc4 Na4 44. Nd4 $2 (44. Kf2 {bot meines
Erachtens bessere Rettungsaussichten.}) 44... Ne4 45. Kh2 Ke7 46. Kh3 Nd6 47.
Ne3 Nc3 48. Kg4 Nxa2 49. Nd5+ Kf7 50. Nxb6 Nc3 51. Kg5 Ndxb5 52. Nc6 a4 53. Kh6
a3 54. Nb4 Kg8 55. Nc4 Ne4 56. Nxa3 Nbd6 0-1

[Event "World Women-ch"]
[Site "Shanghai/Vladivostok"]
[Date "2020.01.20"]
[Round "10"]
[White "Goryachkina, Aleksandra"]
[Black "Ju, Wenjun"]
[Result "0-1"]
[WhiteElo "2578"]
[BlackElo "2584"]
[Annotator "Ju,Wenjun"]
[PlyCount "124"]
[EventDate "2020.01.05"]
[EventType "match"]
[EventRounds "12"]
[EventCountry "CHN"]
[SourceTitle "CBM 195 Extra"]
[Source "ChessBase"]
[SourceDate "2020.05.31"]
[SourceVersion "1"]
[SourceVersionDate "2020.05.31"]
[SourceQuality "1"]

1. c4 e6 2. Nc3 d5 3. d4 Nf6 4. cxd5 exd5 5. Bg5 c6 6. e3 Bf5 $5 {This is line
is rarely played because Black often has to accept a damaged pawn structure in
the endgame. But because the line is is so rare I thought it might surprise my
opponent. Eine selten gespielte Variante, weil Schwarz oft eine schlechte
Bauernstruktur im Endspiel in Kauf nehmen muss. Aber weil die Variante so
selten ist, dachte ich, sie könnte meine Gegnerin vielleicht überraschen.} 7.
Qf3 Bg6 8. Bxf6 Qxf6 9. Qxf6 gxf6 10. Nf3 Nd7 11. Nh4 Be7 12. Ne2 f5 13. g3
Bxh4 14. gxh4 Nf6 15. Nf4 {[#] [#]} Nh5 {The recently played game Ganguly -
L'Ami followed my game against Goryachkina and ended in a draw. Maybe the line
will become fashionable? Interessanterweise wurde am Tag zuvor in der Partie
Ganguly - L'Ami genau die gleiche Variante gespielt. Diese Partie endete
unentschieden. Vielleicht wird die Variante zur neuen Mode?} 16. Kd2 $5 (16.
Be2 Nxf4 17. exf4 h5 18. Kd2 Kd7 19. Bd3 Rae8 20. Rhg1 Kd6 21. b4 Re7 22. a4
Rhe8 23. Ra3 b6 24. Rc3 Rc7 25. Rgc1 Ree7 26. a5 Re8 27. axb6 axb6 28. Ra1 b5
29. Ra6 Kd7 30. Rc5 Re6 31. Ra8 Rb7 32. Rc1 Ke7 33. Rca1 Kd7 34. Rf8 Ke7 35.
Rh8 Kf6 36. Rc8 Rb6 37. Rd8 Re7 38. Raa8 Re6 39. Ra7 Kg7 40. Rdd7 Kf6 41. Bc2
Re8 42. Ra3 Re6 43. Rd8 Re7 44. Rda8 Re6 45. Rg3 Re7 46. Rg5 Re6 47. Ra7 Re8
48. Ra3 Re6 49. Bd3 {1/2 (49) Ganguly,S (2636)-L'Ami,E (2606) Wijk aan Zee NED
2020 1/2 (49) Ganguly,S (2636)-L'Ami,E (2606) Wijk aan Zee NED 2020}) 16...
Nxf4 17. exf4 {[#] Black should trade one pair of rooks to reduce the pressure
on the kingside. [#] Schwarz sollte einen Turm tauschen, um den Druck am
Königsflügel zu verringern.} Ke7 $6 (17... Kf8 $1 18. Re1 (18. Be2 h5 19. b4)
18... Bh5 (18... Re8 19. Re5 f6 20. Rxe8+ Bxe8 {is equal mit gleichem Spiel}))
(17... Bh5 $2 18. Bd3 Bf3 19. Rhe1+) 18. Be2 h5 19. Rae1 Kd6 20. Bd3 Rae8 21.
Re3 $6 (21. Re5 {To double the rooks on the e-file with the idea Um die Türme
auf der e-Linie zu verdoppen mit der Idee} a5 (21... Rxe5 22. fxe5+ Ke6 23. Rg1
$16) 22. Rhe1 $16 (22. Bxf5 Bxf5 23. Rxf5 Re4 $13 24. Kd3 f6 25. Rxf6+ Ke7 26.
Rf5 Rf8 $44) 22... f6 23. Bxf5 $16) 21... Rxe3 22. fxe3 a5 {White's has the
better structure but Black can hold. It is difficult for White to improve her
position. Nun ist zwar die Bauernstruktur von Weiß besser, aber h5 und f5
halten die weißen Bauern auf. Es ist schwierig für Weiß, sich zu verbessern.
} 23. a3 b6 24. b4 $6 {This is premature. Black cannot play c5. White should
activate her pieces first and then try b4. Dies ist verfrüht. Schwarz kann
nicht c5 spielen. Weiß sollte erst die Figuren aktivieren und dann b4
versuchen.} (24. Rg1 Ra8 25. Rg5 Ke6) 24... axb4 25. axb4 Ra8 26. b5 $5 {
The position is still about equal. If White plays Rc1 to trade the rooks, the
game will end up in a draw. 26.b5 is an aggressive attempt and leads to an
unclear position. Das Spiel ist in etwa ausgeglichen. Wenn Weiß Tc1 spielt
und die Türme tauscht, wird die Partie remis. 26.b5 ist aggressiv und führt
zu einer unklaren Position.} (26. Rc1 Ra2+ 27. Rc2 Rxc2+ 28. Kxc2) (26. Bc2 b5
$11) 26... c5 27. dxc5+ bxc5 28. Rb1 Kc7 29. b6+ Kb7 30. Rb5 {[#] [#]} Rc8 $5 {
It is hard to explain why I played this move. Maybe I just wanted to play the
endgame ;-) . Es ist schwer zu erklären, warum ich diesen Zug gespielt habe.
Vielleicht wollte ich nur das Endspiel erforschen ;-) .} (30... Kc6 31. Rb1 (
31. b7 Rb8) 31... Kb7 {is equal ist ausgeglichen.} (31... Rb8 32. Bb5+ Kxb6 33.
Bc4+ {is also equal. ist ebenfalls ausgeglichen.})) 31. Be2 f6 {To answer Bf3
with Bf7. Um Lf3 mit Lf7 zu beantworten.} 32. Ra5 Rc6 33. Ra7+ Kxb6 34. Rd7 Re6
35. Rxd5 Kc6 36. Bf3 Rd6 37. Rd3+ Kc7 38. Bd5 (38. Rxd6 Kxd6 {would be draw.
wäre remis.}) 38... Be8 39. Kc3 Bb5 40. Rd2 Ra6 41. Bb3 Bd7 42. Rg2 Be6 $5 {
Now Black starts to have some chances. The position is still about equal, but
it is White who has to be careful. Jetzt bekommt Schwarz gewisse Chancen. Die
Position ist immer noch ungefähr gleich, aber jetzt ist Weiß diejenige, die
aufpassen muss.} 43. Bxe6 (43. Bc4 Ra3+ 44. Kb2 Rxe3 45. Re2 Rxe2+ 46. Bxe2 Bf7
47. Kc3 $11) 43... Rxe6 44. Kd3 (44. Kc4 Kc6 45. Rg6 $13) 44... Kd6 45. Rg8 Kd5
46. Rd8+ Rd6 47. Rc8 Rd7 {[#] [#]} 48. Rh8 c4+ 49. Kc3 Re7 50. Kd2 Ra7 51. Rxh5
Ra2+ 52. Kc3 Ra3+ 53. Kb4 $4 (53. Kb2 Rb3+ 54. Kc2 Ke4 55. Rh8 Rxe3 56. Re8+
Kxf4 57. Rxe3 Kxe3 58. h5 f4 59. h6 f3 60. h7 f2 61. h8=Q f1=Q 62. Qe8+ {
and the game is still not decided. und die Partie ist noch nicht entschieden.})
(53. Kd2 Ke4 54. Rh8 Rd3+ 55. Ke2 (55. Kc2 Rxe3 56. Re8+ {is similar. ist
ähnlich.}) 55... Rxe3+ 56. Kf2 Rf3+ 57. Kg2 Rxf4 58. h5 Rg4+ 59. Kf2 {with
good drawing chances. mit guten Remischancen.}) 53... Rb3+ 54. Ka4 Ke4 55. Rh8
{[#] [#]} Rb7 $1 {Now the black king invades the queenside. White has no
defence. Jetzt dringt der schwarze König am Damenflügel ein. Weiß hat keine
Verteidigung.} 56. Rc8 Kd3 57. h5 c3 58. h6 c2 59. Ka3 Kd2 60. Rd8+ Kxe3 61.
Rc8 Kd2 62. Rd8+ Kc1 {The next move is Kb1. If 63. Ka2 Ta7 64.Kb3 Kb1 and
Black is winning. White resigned. Der nächste Zug ist Kb1. Wenn 63. Ka2 Ta7
64.Kb3 Kb1 und Schwarz gewinnt. Weiß gab auf.} 0-1

[Event "Staufer op 07th"]
[Site "Schwaebisch Gmuend"]
[Date "1995.01.04"]
[Round "5"]
[White "Kalinitschew, Sergey"]
[Black "Galdunts, Sergey"]
[Result "1-0"]
[WhiteElo "2465"]
[BlackElo "2475"]
[Annotator "Kalinitschew,S"]
[PlyCount "76"]
[EventDate "1995.01.??"]
[EventType "swiss"]
[EventRounds "9"]
[EventCountry "GER"]
[SourceTitle "CBM 045 Extra"]
[Source "ChessBase"]
[SourceDate "1995.05.01"]
[SourceVersion "1"]
[SourceVersionDate "1995.05.01"]
[SourceQuality "1"]

1. d4 d5 2. c4 e6 3. Nc3 Be7 4. cxd5 exd5 5. Bf4 Nf6 6. e3 c6 7. Bd3 Nbd7 8. h3
O-O 9. Nf3 Re8 10. Qc2 Nf8 11. O-O Bd6 (11... Nh5 12. Bh2 g6 13. Rab1 a5 14. a3
Ng7 15. b4 Bf5 16. bxa5 Qc8 17. a4 Rxa5 18. Rb3 Nd7 19. Rfb1 Bxd3 20. Qxd3 Ra7
21. Qc2 Ne6 22. Qb2 Nd8 23. Ne1 Nf8 24. Qc2 Qd7 25. Nf3 f6 26. Ne1 Nfe6 27. Nd3
Kg7 28. Rb6 Nf7 29. Qb3 Ned8 30. Ne2 Bd6 31. Nc5 Bxc5 32. dxc5 Re7 33. Qb4 Ng5
34. Nc3 Ne4 35. a5 Nxc3 36. Qxc3 Re4 37. Bd6 Ra4 38. Ra1 Rc4 39. Qb2 g5 40. a6
Rxa6 41. Raxa6 bxa6 42. Rxa6 Nf7 43. Qb8 h5 44. Ra7 {1-0 Epishin,V
2620-Dorfman,J 2590 /PCA Qualifier g25, Geneva SUI 1996/}) 12. Bxd6 Qxd6 13.
Rab1 a5 14. a3 Be6 15. Rfc1 N8d7 16. b4 axb4 17. axb4 g6 18. Na4 b5 $6 19. Nc5
Nxc5 20. Qxc5 Qxc5 21. Rxc5 Ra3 22. Bf1 $6 (22. Be2) 22... Bd7 23. Ne5 Re6 $138
24. Rbc1 $5 (24. Rcc1 {[%cal Gb1a1]}) 24... Be8 25. Nxc6 $1 Ne4 26. Na5 (26.
R5c2 $2 Bxc6 27. Rxc6 Rxc6 28. Rxc6 Ra1 29. Rc2 Rd1 30. g3 Nd2 31. Rxd2 Rxd2
32. Bxb5 {[%cal Gb5c6]} Rc2 33. Ba4 Rc3 34. Kg2) 26... Nxc5 27. dxc5 Re4 $1 (
27... Bd7 28. c6 Bc8 29. Bxb5 Re4 30. Rb1) 28. c6 Rxb4 29. c7 Bd7 30. Nc6 Rb2
31. Ne7+ Kg7 32. Nxd5 b4 $2 (32... Raa2 33. Nc3 Ra5 34. Nxb5 $14) (32... Be6
33. Rc6 (33. Nb6 Raa2 34. Rc6 Rc2 $8 35. Rxe6 (35. Bc4 bxc4 36. Rxe6 Rxf2 37.
Rd6 (37. c8=Q $4 Rxg2+ 38. Kh1 Rgb2 $19) 37... Rxg2+ 38. Kf1 $11) 35... Rxc7
36. Re8 Rc1 $19) (33. c8=Q Bxc8 34. Rxc8 Ra1 (34... b4) 35. e4 Rbb1 36. Ne3 b4
37. g3 b3 38. Kg2 Rxf1 39. Nxf1 b2 40. Nd2 Rd1) 33... Bxd5 34. c8=Q Bxc6 35.
Qxc6 Rb1 36. f4 $1 Raa1 37. Kh2 Rxf1 38. Qxb5 $11) 33. Nb6 Be6 34. Bc4 $18 Bf5
35. e4 Rc3 36. exf5 Rxc1+ 37. Kh2 Rxf2 38. c8=Q b3 1-0